| 000 | 00513nam a2200193Ia 4500 | ||
|---|---|---|---|
| 005 | 20250317131614.0 | ||
| 008 | 008 250317s9999 xx 000 0 eng d | ||
| 020 | _a81-7445-187-0 | ||
| 037 | _aTextbook | ||
| 040 |
_aFMSL _beng _cFMSL |
||
| 041 |
_aeng _2eng |
||
| 084 |
_aX:9 P2 _qFMSL |
||
| 100 |
_aMathur B _9747236 |
||
| 245 | 0 | _aHuman resource management | |
| 260 |
_aNew Delhi _bNew Delhi, Mohit _c2002 |
||
| 300 | _a316p | ||
| 942 |
_cTB _hX:9 P2 |
||
| 999 |
_c1268853 _d1268853 |
||